Central Library OPAC University of Rajshahi

Essays in money and banking in honour of R. S. Sayers / (Record no. 58503)

MARC details
000 -LEADER
fixed length control field 00982nam a22002891a 4500
001 - CONTROL NUMBER
control field 58503
003 - CONTROL NUMBER IDENTIFIER
rucl marc code BD-RjUL
005 - DATE AND TIME OF LATEST TRANSACTION
control field 20211209080629.0
008 - FIXED-LENGTH DATA ELEMENTS--GENERAL INFORMATION
fixed length control field 161218s1968 enkacf b 010 0 eng
035 ## - SYSTEM CONTROL NUMBER
System control number (BD-RjUL)58627
040 ## - CATALOGING SOURCE
Original cataloging agency DLC
Transcribing agency DLC
Modifying agency DLC
Language of cataloging eng
041 ## - LANGUAGE CODE
Language code of text/sound track or separate title eng
082 00 - DEWEY DECIMAL CLASSIFICATION NUMBER
Classification number 332
Edition number 23
Author mark and year ESS 1968
245 00 - TITLE STATEMENT
Title Essays in money and banking in honour of R. S. Sayers /
Statement of responsibility, etc. edited by C. R. Whittlesey and J. S. G. Wilson.
260 ## - PUBLICATION, DISTRIBUTION, ETC. (IMPRINT)
Place of publication, distribution, etc. Oxford :
Name of publisher, distributor, etc. Clarendon P. ;
Date of publication, distribution, etc. 1968.
300 ## - PHYSICAL DESCRIPTION
Pagination x, 327 p. :
Illustrations ill. ;
Size 23 cm.
504 ## - BIBLIOGRAPHY, ETC. NOTE
Bibliography, etc Includes bibliographies.
650 #0 - SUBJECT ADDED ENTRY--TOPICAL TERM
Topical term or geographic name as entry element Money.
9 (RLIN) 173782
Topical term or geographic name as entry element Monetary policy.
9 (RLIN) 173783
Topical term or geographic name as entry element Banks and banking.
9 (RLIN) 173228
Topical term or geographic name as entry element International finance.
9 (RLIN) 173271
700 1# - ADDED ENTRY--PERSONAL NAME
Personal name Sayers, R. S.
Fuller form of name (Richard Sidney),
Dates associated with a name 1908-1989.
Personal name Whittlesey, Charles R.
Fuller form of name (Charles Raymond),
Dates associated with a name 1900-
Relator term ed.
Personal name Wilson, John Stuart Gladstone,
Dates associated with a name 1916-
Relator term ed.
942 ## - ADDED ENTRY ELEMENTS (KOHA)
Source of classification or shelving scheme Dewey Decimal Classification
Koha item type Books
Holdings
Lost status Source of classification or shelving scheme Damaged status Not for loan Collection code Permanent Location Current Location Shelving location Date acquired Source of acquisition Cost, normal purchase price Total Checkouts Full call number Date last seen Copy number Koha item type
  Dewey Decimal Classification   Not For Loan Non-fiction Central Library, University of Rajshahi Central Library, University of Rajshahi Reading Room 26/04/1974 Oxford University Press 60.00   332 ESS 1968 18/12/2016 C-1 Books